| Поле | Инд. | ПП | Название | Значение |
|---|---|---|---|---|
| Тип записи | a | |||
| Библиографический уровень | m | |||
| 001 | Контрольный номер | RU/IS/BASE/264541323 | ||
| 005 | Дата корректировки | 20250409141701.2 | ||
| 008 | Кодируемые данные | 19970528 | ||
| 040 | 00 | e | Правила каталог. | Л 970528 |
| 084 | a | Индекс другой классификации/Индекс ББК | 28.6; 28.691.3-7; 28.691.9-7 | |
| 090 | 00 | a | Полочн. индекс | 28.6 |
| x | Авторский знак | Т 163 | ||
| 097 | 00 | a | 230 | |
| 100 | 10 | a | Автор | Талызин Ф. Ф. |
| q | Полное имя | Талызин Федор Федорович | ||
| 245 | 00 | a | Заглавие | Ядовитые животные суши и моря |
| 260 | 00 | a | Место издания | Москва |
| b | Издательство | Знание | ||
| c | Дата издания | 1970 | ||
| 300 | 00 | a | Объем | 96 с. |
| b | Иллюстрации/ тип воспроизводства | ил. | ||
| 336 | a | Термин вида содержания | Текст | |
| 337 | a | Термин типа средства | непосредственный | |
| 504 | 00 | a | Библиография | Библиогр. |
| 650 | a | Основная рубрика | биология; зоология | |
| 653 | 00 | a | Ключевые слова | анатомия |
| a | Ключевые слова | животные | ||
| a | Ключевые слова | земноводные (амфибии) | ||
| a | Ключевые слова | змеи | ||
| a | Ключевые слова | змеиные укусы | ||
| a | Ключевые слова | иглокожие | ||
| a | Ключевые слова | кишечнополостные | ||
| a | Ключевые слова | млекопитающие | ||
| a | Ключевые слова | моллюски | ||
| a | Ключевые слова | морские животные | ||
| a | Ключевые слова | морские змеи | ||
| a | Ключевые слова | пресмыкающиеся (рептилии) | ||
| a | Ключевые слова | приспособляемость | ||
| a | Ключевые слова | рыбы | ||
| a | Ключевые слова | фауна | ||
| a | Ключевые слова | физиология | ||
| a | Ключевые слова | черви | ||
| a | Ключевые слова | членистоногие | ||
| a | Ключевые слова | ядовитость | ||
| a | Ключевые слова | ядовитые животные | ||
| a | Ключевые слова | яды | ||
| 720 | a | Наименование подборки | Животные (насекомые) | |
| 901 | t | Тип документа | m | |
| 952 | a | Тип литературы для КСУ ВШ | СИ |